| 000 | 00753nam a2200241 a 4500 | ||
|---|---|---|---|
| 008 | |||
| 020 | _a0582058236 (pbk. ) | ||
| 049 | _aMAIN | ||
| 090 |
_aQA911 _bREC |
||
| 245 | 1 | 0 |
_aRecent developments in structured continua / _cedited by D. De Kee and P. N. Kaloni. |
| 260 |
_aNew York : _bLongman Scientific and Technical, _c1990. |
||
| 300 |
_a340 p. : _bill. ; _c25 cm. |
||
| 440 | _aPitman Research Notes in Mathematics Series. | ||
| 504 | _aIncludes bibliographical references. | ||
| 500 | _aIncludes index. | ||
| 700 | _aKaloni, P.N. | ||
| 700 | _aKee, D. De. | ||
| 907 |
_a.b1032978x _b06-05-13 _c06-05-13 |
||
| 003 | |||
| 005 | 20230123122007.0 | ||
| 040 | _cNUST | ||
| 942 |
_cBOOKS _kQA911 _mREC |
||
| 999 |
_c125964 _d125964 |
||